| 000 -ლიდერი |
| ფიქსირებული სიგრძის საკონტროლო ველი |
02277nam a2200289Ia 4500 |
| 001 - საკონტროლო ნომერი |
| საკონტროლო ველი |
23581 |
| 003 - საკონტროლო ნომრის იდენტიფიკატორი |
| საკონტროლო ველი |
GE_BSU |
| 005 - ბოლო ოპერაციის თარიღი და დრო |
| საკონტროლო ველი |
20191004161503.0 |
| 008 - ფიქსირებული სიგრძის მონაცემთა ელემენტები - ზოგადი ინფორმაცია |
| ფიქსირებული სიგრძის საკონტროლო ველი |
181216s2018||||ge |||||||||||||| ||geo|| |
| 020 ## - წიგნის საერთაშორისო სტანდარტული ნომერი |
| International Standard Book Number |
9789941462795 |
| 040 ## - კატალოგიზაციის წყარო |
| Transcribing agency |
GE_BSU |
| 041 ## - ენის კოდი |
| Language code of text/sound track or separate title |
geo |
| 080 ## - უნივერსალური ათობითი კლასიფიკაციის ინდექსი |
| Universal Decimal Classification number |
378.4(479.223)(063) ბ-17 |
| 245 ## - ცნობა სათაურის შესახებ |
| Title |
ბათუმის შოთა რუსთაველის სახელმწიფო უნივერსიტეტის ჰუმანიტარულ მეცნიერებათა ფაკულტეტის დოქტორანტთა და ახალგაზრდა მეცნიერთა III სამეცნიერო კონფერენციის მასალები. 2017 / |
| Statement of responsibility, etc |
სარედ. საბჭო : მ. გიორგაძე. ; ხ. დიასამიძე ; შ. ჯიჯიეშვილი ; ქ. სვანიძე ; ჟ. გუმბარიძე. |
| 264 ## - წარმოების, გამოცემის, დისტრიბუციის და სხვა ცნობები |
| გამოცემის, წარმოების, დისტრიბუციის... ადგილი |
ბათუმი : |
| გამოცემის, წარმოების, დისტრიბუციის... სახელწოდება |
ბათუმის შოთა რუსთაველის სახ. უნ-ტი, |
| გამოცემის, წარმოების, დისტრიბუციის... თარიღი |
2018. |
| 300 ## - ფიზიკური აღწერა |
| Extent |
155 გვ. : |
| Other physical details |
ილ.; |
| Dimensions |
28 სმ |
| 504 ## - BIBLIOGRAPHY, ETC. NOTE |
| Bibliography, etc |
ბიბლიოგრ. ტექსტ. ბოლოს |
| 520 ## - SUMMARY, ETC. |
| Summary, etc |
პარალ. სათ. ინგლ. ენ. რეზიუმე ტექსტ. ბოლოს ინგლ. ენ. |
| 653 ## - INDEX TERM--UNCONTROLLED |
| Uncontrolled term |
ჰუმანიტარულ მეცნიერებათა ფაკულტეტის დოქტორანტთა და ახალგაზრდა მეცნიერთა III სამეცნიერო კონფერენციის მასალები. 2017 |
| 653 ## - INDEX TERM--UNCONTROLLED |
| Uncontrolled term |
პედაგოგიკა |
| 700 ## - ADDED ENTRY--PERSONAL NAME |
| Personal name |
გიორგაძე , მ |
| Relator term |
სარედაქციო საბჭო |
| 9 (RLIN) |
4082 |
| 700 ## - ADDED ENTRY--PERSONAL NAME |
| Personal name |
დიასამიძე., ხ |
| Relator term |
სარედაქციო საბჭო |
| 9 (RLIN) |
4535 |
| 700 ## - ADDED ENTRY--PERSONAL NAME |
| Personal name |
ჯიჯიეშვილი , შ |
| Relator term |
სარედაქციო საბჭო |
| 9 (RLIN) |
4536 |
| 700 ## - ADDED ENTRY--PERSONAL NAME |
| Personal name |
სვანიძე , ქ |
| Relator term |
სარედაქციო საბჭო |
| 9 (RLIN) |
4537 |
| 700 ## - ADDED ENTRY--PERSONAL NAME |
| Personal name |
გუმბარიძე , ჟ |
| Relator term |
სარედაქციო საბჭო |
| 9 (RLIN) |
4538 |
| 942 ## - ADDED ENTRY ELEMENTS (KOHA) |
| Koha item type |
წიგნი |
| Source of classification or shelving scheme |
|